00451nam a2200181 a 4500001001300000003000900013005001700022008004100039020001000080082001500090245002500105260003700130300000800167500003500175505002400210650001300234710002200247nice12345678IN_TiNIC20260116011700.0050524s1946 luca grp 000 0 eng  ac10000a294.51bCS aPilgrim, Vol.Vi to X aLucknowbChristian Societyc1946 a00p aincludes index and biblioraphy2 aBibliography, index aHinduism2 aChristian Society